000 00473cam a2200193ua 4500
001 6834
008 140220n ii |||gr||||Z||||||asm
040 _cMAIN
082 _a651
245 _aBanijya Prabesika
_cBy Krishnakanta Kalita
250 _a2nd ed.
260 _aGuwahati:
_bBaruah agency,
_c1990.
300 _ax,320p.
653 _aOffice services
653 _aBanijya Prabesika
653 _aCommerce
700 _aKalita,Krishnakanta,
_eAuthor.
942 _cBK
999 _c5982
_d5982